Score 0/24 Timer 08:00
1 Play Today
% Correct
Germany, Italy, Japan
98%
Helium, Neon, etc.
94.5%
Hamlet, Macbeth, etc.
93.5%
James Bond
84.4%
Marie Curie
84.3%
Triceratops
84.3%
Slytherin
75.5%
Ontario
74.8%
St. Petersburg
74.3%
South Africa
72.9%
Bram Stoker
72.1%
Red Sea
69.3%
% Correct
Mars
67.2%
John Wayne
63.9%
Agatha Christie
62.6%
Fargo
60.6%
Fat Man & Little Boy
56.1%
The Pyrenees
55.3%
Brass
52.8%
Fiddler on the Roof
50.6%
Portuguese
49.2%
HMS Beagle
49.1%
The Satanic Verses
46%
Taxman, etc.
45.2%

You're not logged in!

Compare scores with friends on all Sporcle quizzes.
OR
Log In

Sporcle TV

Today on Sporcle TV


Watch our educational content, quiz creation guides, and fun videos on Sporcle TV.

Show Comments

Extras

Top Quizzes Today


Score Distribution

Paid Content

Your Account Isn't Verified!

In order to create a playlist on Sporcle, you need to verify the email address you used during registration. Go to your Sporcle Settings to finish the process.

Report this User

Report this user for behavior that violates our Community Guidelines.

Details: